000 00674cam a2200229 4500
001 B2570
008 090401t1988 xxu||||| |||| 00| 0 eng d
035 _a(Sirsi) u50911
041 _aeng
050 _a333.0062
090 _aRICS 1988/65A
110 _aRoyal Institution of Chartered Surveyors
_94900
245 _aIs your real estate in good hands?
260 _aLondon
_bRoyal Institution of Chartered Surveyors
_c1988
300 _a(12)p. : ill. ; 21x30cm.
350 _a0
520 _aBrochure produced for the CBI conference 1988.
650 _aABOUT RICS-RICS MEMBERS
650 _aCONFEDERATION OF BRITISH INDUSTRY
942 _n0
948 _c04/03/1997
999 _c92771
_d92771